• 首页
  • 本馆介绍
  • 公告通知
  • 最新文献
  • 馆藏检索
  • 电子资源
  • 读者导购
  • 参考咨询
  • 我的图书馆
  • 登录
  • 详细信息显示
  • 放入我的书架
  • 预约/预借图书
  • 作者相关作品
  • 分类相关作品
  • 丛书相关作品
  • 出版社相关作品

书目信息

  • 表格格式
  • 工作单格式
  • 卡片格式
题名:
森林草原火生态
    
 
作者: 舒立福 , 刘晓东 , 杨光 主编
分册:  
出版信息: 北京   中国林业出版社  2019
页数: 210页
开本: 26cm
丛书名: 国家林业和草原局普通高等教育“十三五”规划教材
单 册:
中图分类: S762-43 , S812.6-43
科图分类:
主题词: 森林火--sen lin huo--森林生态学--高等教育--教材 , 草原--cao yuan--火灾--草原生态学--高等教育--教材
电子资源:
ISBN: 978-7-5038-9989-8
000 01302nam 2200325 450
001 012001002844
005 20131016082559.0
010    @a978-7-5038-9989-8@dCNY37.00
099    @aCAL 012019130076
100    @a20191009d2019 em y0chiy50 ea
101 0  @achi
102    @aCN@b110000
105    @aak a 000yy
106    @ar
200 1  @a森林草原火生态@Asen lin cao yuan huo sheng tai@f舒立福, 刘晓东, 杨光主编
210    @a北京@c中国林业出版社@d2019
215    @a210页@c图@d26cm
225 2  @a国家林业和草原局普通高等教育“十三五”规划教材@Aguo jia lin ye he cao yuan ju pu tong gao deng jiao yu“shi san wu”gui hua jiao cai
320    @a有书目 (第207-210页)
330    @a本书共分10章,内容包括:林火与环境、林火与野生动物、林火与植物、林火与生态系统、林火与景观、森林草原火的应用、气候变化与森林火灾、草原概况与火险区域、草原火灾基本理论等。
410  0 @12001 @a国家林业和草原局普通高等教育“十三五”规划教材
606 0  @a森林火@Asen lin huo@x森林生态学@x高等教育@j教材
606 0  @a草原@Acao yuan@x火灾@x草原生态学@x高等教育@j教材
690    @aS762-43@v5
690    @aS812.6-43@v5
701  0 @a舒立福@Ashu li fu@4主编
701  0 @a刘晓东@Aliu xiao dong@4主编
701  0 @a杨光@Ayang guang@4主编
801  0 @aCN@b北京卓展@c20191020
905    @b1205933-6@dS762-43@e138@f4
    
    森林草原火生态/舒立福, 刘晓东, 杨光主编.-北京:中国林业出版社,2019
    210页:图;26cm.-(国家林业和草原局普通高等教育“十三五”规划教材)
    
    
    ISBN 978-7-5038-9989-8:CNY37.00
    本书共分10章,内容包括:林火与环境、林火与野生动物、林火与植物、林火与生态系统、林火与景观、森林草原火的应用、气候变化与森林火灾、草原概况与火险区域、草原火灾基本理论等。
●
相关链接 在E读中查询图书 在五车中查询图书 在当当中查询图书 在豆瓣中查询图书


正题名:森林草原火生态     索取号:S762-43/138         预约/预借

序号 登录号 条形码 馆藏地/架位号 状态 备注
1 1205933   212059332   第二样本阅览室/ [索取号:S762-43/138] 在馆    
2 1205934   212059341   第三借阅区/ [索取号:S762-43/138] 在馆    
3 1205935   212059350   第三借阅区/ [索取号:S762-43/138] 在馆    
4 1205936   212059369   第三借阅区/ [索取号:S762-43/138] 在馆    
唐山师范学院图书馆 欢迎您!
大连网信软件有限公司© 版权所有